[Event "Cannes Open A"]
[Site "Cannes France"]
[EventDate "2007.02.18"]
[Date "2007.02.25"]
[Round "9"]
[White "HESS, Robert"]
[WhiteTitle "FM"]
[WhiteElo "2394"]
[Black "SAATDJIAN, Thomas"]
[BlackTitle "-"]
[BlackElo "2187"]
[Result "1-0"]
[Source "MonRoi"]

1. d4 Nf6 2. Nf3 c5 3. d5 e6 4. Nc3 b5 5. Bg5 Qa5 6. dxe6 fxe6 7. Bxf6 gxf6 8. e4 b4 9. Nb5 Ba6 10. Nd6 Bxd6 11. Qxd6 Bxf1 12. Rxf1 Nc6 13. O-O-O O-O-O 14. Kb1 Rhg8 15. g3 Qb6 16. Nd2 Na5 17. Qe7 Rgf8 18. Nb3 Nb7 19. f4 c4 20. Nc1 Nc5 21. Rd4 Rde8 22. Qxh7 c3 23. Nd3 Nxd3 24. Qxd7 Kb8 25. Rxd3 Rd8 26. Qe7 Rxd3 27. Qxf8 Rd8 28. Qxf6 Rd2 29. Rc1 Rxh2 30. f5 Qe3 31. Qd8 Kb7 32. Qd7 Kb8 33. Qd6 Ka8 34. Qf8  1-0

[Event "Cannes Open A"]
[Site "Cannes France"]
[EventDate "2007.02.18"]
[Date "2007.02.25"]
[Round "9"]
[White "ARANOVITCH, Emiliano"]
[WhiteTitle "-"]
[WhiteElo "2297"]
[Black "NEIMAN, Emmanuel"]
[BlackTitle "FM"]
[BlackElo "2358"]
[Result "1/2-1/2"]
[Source "MonRoi"]

1. e4 d6 2. d4 g6 3. Nc3 Bg7 4. Be3 a6 5. f4 b5 6. Be2 Nd7 7. Bf3 e5 8. Nge2 Bb7 9. a3 Ngf6 10. O-O O-O 11. dxe5 dxe5 12. f5 gxf5 13. Bg5 f4 14. g3 Qe7 15. Kh1 Kh8 16. Qe1 h6 17. Bh4 Rae8 18. Rd1 Rg8 19. Qf2 Qe6 20. gxf4 exf4 21. Nxf4 Qc4 22. Ncd5 Bxd5 23. exd5 Re5 24. Be2 Rxe2 25. Nxe2 Qe4 26. Kg1 Ng4 27. Qf3 Qxc2 28. Qd3 Qxb2 29. Rd2 Qe5 30. Bg3 Qg5 31. Rf5 Qe7 32. Nd4 Qc5 33. Kh1 Nde5 34. Qe2 Qxd5 35. Nf3 Qc6 36. Bxe5 Bxe5 37. Rxe5 Nxe5 38. Qxe5 f6 39. Qe2 Qc1 40. Ne1 Qxa3 41. Qe6 Qc3 42. Rd7 b4 43. Qe4 Rg7 44. Rd8 Rg8 45. Rd7 Rg7 46. Rd8 Rg8  1/2-1/2

[Event "Cannes Open A"]
[Site "Cannes France"]
[EventDate "2007.02.18"]
[Date "2007.02.25"]
[Round "9"]
[White "FELLER, Sebastien"]
[WhiteTitle "FM"]
[WhiteElo "2431"]
[Black "FIERRO BAQUERO, Martha"]
[BlackTitle "IM"]
[BlackElo "2339"]
[Result "1-0"]
[Source "MonRoi"]

1. d4 g6 2. c4 Bg7 3. e4 d6 4. Nc3 Nf6 5. f3 O-O 6. Be3 a6 7. Qd2 c6 8. a4 Qa5 9. Ra3 c5 10. d5 Nbd7 11. Nh3 Ne5 12. Nf2 Re8 13. Be2 Qb4 14. Na2 Qxd2 15. Kxd2 e6 16. Nc3 h5 17. Rb1 exd5 18. cxd5 Nfd7 19. h3 Nb6 20. b3 f5 21. a5 Nbd7 22. f4 Nf7 23. b4 Bd4 24. bxc5 Bxe3 25. Kxe3 Nxc5 26. g4 hxg4 27. hxg4 fxe4 28. Na4 Nxa4 29. Rxa4 Re7 30. Rxe4 Kf8 31. Rxe7 Kxe7 32. Bd3 g5 33. fxg5 Nxg5 34. Bf5 Bxf5 35. gxf5 Rb8 36. Kf4 Nf7 37. Ne4 Kd7 38. f6 Kc7 39. Ng5 Nd8 40. Ne6 Kd7 41. Nxd8  1-0

[Event "Cannes Open A"]
[Site "Cannes France"]
[EventDate "2007.02.18"]
[Date "2007.02.25"]
[Round "9"]
[White "PETROSIAN, Suren"]
[WhiteTitle "IM"]
[WhiteElo "2391"]
[Black "CLERY, Nicolas"]
[BlackTitle "FM"]
[BlackElo "2324"]
[Result "0-1"]
[Source "MonRoi"]

1. e4 e6 2. d4 d5 3. Nd2 Nf6 4. e5 Nfd7 5. c3 c5 6. f4 Nc6 7. Ndf3 Qb6 8. a3 a5 9. b3 Be7 10. Bb2 cxd4 11. cxd4 a4 12. b4 Qa7 13. Bd3 Nb6 14. Ne2 Nc4 15. Bc1 Bd7 16. O-O b5 17. Kh1 Bd8 18. Ra2 Bb6 19. Bb1 Ne7 20. Nc3 O-O-O 21. Raf2 Kb7 22. Ne2 Ka6 23. Qd3 f6 24. Rd1 Be8 25. Nh4 Ng6 26. Qh3 Nxh4 27. Qxh4 f5 28. g4 Bg6 29. Rg2 Qf7 30. Rf1 Rd7 31. Ng3 Bd8 32. g5 Qe8 33. Ne2 Bh5 34. Nc3 h6 35. Qf2 hxg5 36. fxg5 g6 37. Bd3 Rdh7 38. Bxc4 dxc4 39. d5 Bg4 40. Re1 exd5 41. Kg1 d4 42. Nd5 Qc6 43. Qxd4 Bf3 44. Rd1 Rd7 45. Be3 Qxd5 46. Qxd5 Rxd5 47. Rxd5 Bxd5 48. Rd2 Bc6 49. Rd6 Kb7 50. Rxg6 Rh3 51. Kf2 Rxh2 52. Kg3 Rg2 53. Kf4 Rg4 54. Kxf5 Be4 55. Kxg4 Bxg6  0-1

[Event "Cannes Open A"]
[Site "Cannes France"]
[EventDate "2007.02.18"]
[Date "2007.02.25"]
[Round "9"]
[White "PULITO, Alberto"]
[WhiteTitle "-"]
[WhiteElo "2239"]
[Black "FOISOR, Sabina Francesca"]
[BlackTitle "WIM"]
[BlackElo "2342"]
[Result "1/2-1/2"]
[Source "MonRoi"]

1. e4 g6 2. d4 Bg7 3. Nf3 c5 4. c3 cxd4 5. cxd4 d5 6. exd5 Nf6 7. Nc3 O-O 8. Bc4 Nbd7 9. O-O Nb6 10. Bb3 Nbxd5 11. Re1 b6 12. Bg5 Bb7 13. Qd3 a6 14. a3 Qd6 15. Ne5 Rac8 16. Qh3 Rc7 17. Rac1 b5 18. Nxd5 Nxd5 19. Rxc7 Qxc7 20. Bh6 e6 21. Qh4 Qd8 22. Qxd8 Rxd8 23. Bxg7 Kxg7 24. Rc1 Ba8 25. g3 Kf6 26. Kf1 h5 27. h4 Nb6 28. Rc7 Rxd4 29. f4 Kg7 30. Rxf7 Kg8 31. Bxe6 Bd5 32. Rf6 Kh7 33. Bxd5 Nxd5 34. Rxa6 Rd2 35. Ra7 Kg8 36. Rd7 Ne3 37. Ke1 Rxb2 38. Rd3 Nf5 39. Nxg6 Rg2 40. Kf1 Rxg3 41. Ne7 Kf7 42. Rxg3 Nxg3 43. Kf2 Ne4 44. Ke3 Nd6 45. Nc6 Nc4 46. Ke4 Nxa3 47. Kf5 Nc2 48. Kg5 b4 49. f5 b3 50. Ne5 Kf8 51. Nd3 Ne3 52. Kg6 Nc4 53. f6 b2 54. Nxb2 Nxb2 55. Kxh5 Nd3 56. Kg6 Ne5 57. Kf5 Nd7  1/2-1/2

[Event "Cannes Open A"]
[Site "Cannes France"]
[EventDate "2007.02.18"]
[Date "2007.02.25"]
[Round "9"]
[White "HRZICA, Rok"]
[WhiteTitle "-"]
[WhiteElo "2257"]
[Black "FOISOR, Cristina Adela"]
[BlackTitle "IM"]
[BlackElo "2399"]
[Result "0-1"]
[Source "MonRoi"]

1. e4 c6 2. d4 g6 3. c3 Bg7 4. Bd3 Na6 5. Be3 Nc7 6. Nd2 d5 7. Ngf3 Nh6 8. h3 O-O 9. Qc2 a5 10. e5 Bf5 11. Nh4 Bxd3 12. Qxd3 e6 13. g3 Nf5 14. Nxf5 exf5 15. f4 a4 16. Nf3 f6 17. h4 h5 18. Kf2 Ne6 19. Rhe1 Qb6 20. Re2 Qa6 21. Qd2 Rad8 22. Kg2 fxe5 23. dxe5 c5 24. Ree1 Bh6 25. Qf2 Qc6 26. Kg1 Rf7 27. Rad1 Rfd7 28. Rd2 Bf8 29. Red1 Be7 30. Kh2 Qb5 31. Qe2 Qxe2 32. Rxe2 Kf7 33. Red2 b6 34. Kg2 Nc7 35. a3 Na6 36. Rb1 Rb7 37. Kf2 Nb8 38. Rbd1 Ke6 39. Ke2 Nc6 40. Bf2 Na5 41. Rc2 b5 42. Bg1 Nb3 43. Nd2 Rbd7 44. Nxb3 axb3 45. Rcd2 d4 46. cxd4 c4 47. Rc1 Kd5 48. Bf2 Ra7 49. Rdd1 b4 50. axb4 Ra2 51. Rb1 c3 52. Rg1 Bxb4 53. Kd3 c2 54. Rbc1 Rxb2 55. Ra1 Rc8 56. Rgc1 Ra2 57. Rxa2 bxa2 58. Be3 Bc3  0-1

[Event "Cannes Open A"]
[Site "Cannes France"]
[EventDate "2007.02.18"]
[Date "2007.02.25"]
[Round "9"]
[White "LECONTE, Maria"]
[WhiteTitle "WGM"]
[WhiteElo "2377"]
[Black "MULLER, Anne"]
[BlackTitle "WIM"]
[BlackElo "2188"]
[Result "1/2-1/2"]
[Source "MonRoi"]

1. e4 c5 2. Nf3 d6 3. d4 cxd4 4. Nxd4 Nf6 5. Nc3 Nc6 6. g3 e6 7. Bg2 Bd7 8. O-O a6 9. Re1 Qc7 10. Nxc6 Bxc6 11. Nd5 Qd8 12. Bg5 Be7 13. Bxf6 gxf6 14. Nxe7 Qxe7 15. a4 O-O 16. b4 b5 17. axb5 axb5 18. Qd4 e5 19. Qd3 Qe6 20. Ra5 Kg7 21. Rea1 Rac8 22. f4 Rfd8 23. f5 Qd7 24. Rd1 Qb7 25. h4 Ra8 26. Kh2 Rxa5 27. bxa5 Qa8 28. Ra1 Rd7 29. a6 Ra7 30. Qxd6 Rxa6 31. Rxa6 Qxa6 32. g4 Bb7 33. Qe7 h6 34. g5 hxg5 35. hxg5 Ba8 36. Qd8 Bb7 37. c3 Qc6 38. Bf3 fxg5 39. Qxg5 Kf8 40. f6 Qd6 41. Bh5 Bxe4 42. Qg7 Ke8 43. Qxf7 Kd8 44. Qg8 Kc7 45. Qg5 Bd5 46. f7 Be6 47. Qh6 e4 48. Kh1 Bxf7 49. Qxd6 Kxd6 50. Bxf7 Kc5 51. Bb3 b4  1/2-1/2

[Event "Cannes Open A"]
[Site "Cannes France"]
[EventDate "2007.02.18"]
[Date "2007.02.25"]
[Round "9"]
[White "DERIEUX, Christian"]
[WhiteTitle "-"]
[WhiteElo "2134"]
[Black "SARAVANAN, V"]
[BlackTitle "IM"]
[BlackElo "2374"]
[Result "1/2-1/2"]
[Source "MonRoi"]

1. d4 Nf6 2. c4 g6 3. Nc3 Bg7 4. e4 d6 5. Nge2 O-O 6. Ng3 e5 7. d5 a5 8. Be2 Na6 9. h4 c6 10. h5 cxd5 11. cxd5 Nc5 12. Bg5 Bd7 13. Qd2 a4 14. Rb1 Qa5 15. Bh6 b5 16. Bxg7 Kxg7 17. Nf5 Bxf5 18. exf5 Nce4 19. Qe3 gxf5 20. Kf1 f4 21. Qd3 Nxc3 22. h6 Kh8 23. bxc3 Rab8 24. Qf5 Qd8 25. Rxb5 Rxb5 26. Bxb5 Qe7 27. Bxa4 Nxd5 28. Bc2 Nf6 29. Rh5 Qe6 30. Rg5 Qxf5 31. Rxf5 Ng8 32. Bb3 f6 33. Rh5 Ne7 34. Ke2 d5 35. Rh1 Rc8 36. Rd1 Rc5 37. a4 Kg8 38. Kd2 Kf7 39. Ra1 Nc6 40. Bc2 e4 41. Rb1 Kg6 42. Rb5 Rxb5 43. axb5 Na5 44. c4 Nxc4 45. Kc3 Nd6 46. b6 Kxh6 47. Kd4 e3 48. fxe3 fxe3 49. Bd3 f5 50. Kxe3 Kg5 51. Kd4 Kf6 52. Ba6 h5 53. Kxd5 Ke7 54. b7 Nxb7 55. Bxb7 Kf6 56. Kd4 Kg5 57. Ke3 h4 58. Bf3 h3 59. g3 h2 60. Kf2 f4 61. gxf4 Kxf4  1/2-1/2

[Event "Cannes Open A"]
[Site "Cannes France"]
[EventDate "2007.02.18"]
[Date "2007.02.25"]
[Round "9"]
[White "DUBREUIL, Julien"]
[WhiteTitle "-"]
[WhiteElo "2278"]
[Black "OLIVIER, Jean Christophe"]
[BlackTitle "IM"]
[BlackElo "2365"]
[Result "0-1"]
[Source "MonRoi"]

1. e4 e5 2. Nf3 Nc6 3. Bb5 a6 4. Ba4 Nf6 5. O-O Be7 6. Bxc6 dxc6 7. Qe1 c5 8. d3 Nd7 9. Nbd2 f6 10. Nh4 g6 11. g3 O-O 12. Ng2 Nb8 13. Qd1 Nc6 14. Ne3 Bh3 15. Re1 Be6 16. b3 Qd4 17. Rb1 Qd7 18. Bb2 b5 19. Ra1 Rad8 20. a4 Rfe8 21. Qe2 Bf8 22. Rf1 f5 23. axb5 axb5 24. Nf3 Bg7 25. Ng5 f4 26. Nxe6 Rxe6 27. Nd5 Nb4 28. Nxb4 cxb4 29. Ra7 fxg3 30. hxg3 Rc6 31. Rfa1 h5 32. Bc1 Bf8 33. Bg5 Re8 34. R1a2 Bc5 35. Ra8 Rce6 36. Kg2 Kg7 37. Qf3 Qf7 38. Bh6 Kg8 39. Bg5 Qxf3 40. Kxf3 Kf7 41. Rxe8 Kxe8 42. Ra5 Rc6 43. Rxb5 Bd6 44. Bd2 Rxc2 45. Bxb4 c5 46. Be1 Kd7 47. Rb7 Ke6 48. b4 cxb4 49. Bxb4 Rb2 50. Rg7 Bxb4 51. Rxg6 Kd7 52. Rg5 Bc5 53. Rxh5 Rxf2 54. Kg4 Bd4 55. Rh6 Rd2 56. Kf5 Rxd3 57. Rh7 Ke8 58. Ke6 Kf8 59. g4 Rf3 60. Rh5 Kg7 61. Rg5 Kh6 62. Rg8 Rf4 63. Kd5 Rf7 64. Ke6 Rg7 65. Rh8 Kg5 66. Rh2 Rg6 67. Kd5 Kf4 68. Re2 Rxg4 69. Re1 Rg2 70. Rf1 Rf2 71. Rh1 Rg2 72. Rh4 Rg4 73. Rh3 Rg8 74. Rh4 Kg3 75. Rh7 Rd8 76. Ke6 Kf3 77. Rh4 Bf2 78. Rh2 Bg3 79. Rh3 Rg8 80. Kf5 Rg7 81. Rh1 Rf7 82. Ke6 Ra7 83. Kf5 Ra2 84. Rf1 Rf2 85. Re1 Kg2 86. Ke6 Rf4 87. Re3 Kf2 88. Rb3 Rxe4 89. Kf5 Re3 90. Rb4 Kf3 91. Ra4 e4  0-1

[Event "Cannes Open A"]
[Site "Cannes France"]
[EventDate "2007.02.18"]
[Date "2007.02.25"]
[Round "9"]
[White "VAN HEIRZEELE, Daniel"]
[WhiteTitle "-"]
[WhiteElo "2234"]
[Black "MIDOUX, Sebastien"]
[BlackTitle "-"]
[BlackElo "2358"]
[Result "1/2-1/2"]
[Source "MonRoi"]

1. d4 Nf6 2. c4 g6 3. Nc3 d5 4. Nf3 Bg7 5. Qb3 dxc4 6. Qxc4 O-O 7. e4 Nfd7 8. Be3 Nc6 9. Rd1 Nb6 10. Qb3 Bg4 11. d5 Ne5 12. Be2 Nxf3 13. gxf3 Bh5 14. Rg1 f5 15. Nb5  1/2-1/2

[Event "Cannes Open A"]
[Site "Cannes France"]
[EventDate "2007.02.18"]
[Date "2007.02.25"]
[Round "9"]
[White "VERNAY, Clovis"]
[WhiteTitle "FM"]
[WhiteElo "2341"]
[Black "THIRION, Marcel"]
[BlackTitle "-"]
[BlackElo "2171"]
[Result "1-0"]
[Source "MonRoi"]

1. d4 e6 2. c4 Nf6 3. Nc3 Bb4 4. e3 O-O 5. Bd3 c5 6. Nge2 Nc6 7. O-O d5 8. cxd5 exd5 9. a3 cxd4 10. axb4 dxc3 11. bxc3 Ne5 12. Bb1 Bd7 13. Qd4 Bb5 14. Re1 Nc6 15. Qd1 Ne4 16. Bb2 Ne5 17. f3 Qh4 18. Rf1 Nf6 19. Bc1 Qc4 20. Re1 Nd3 21. Bxd3 Qxd3 22. Qxd3 Bxd3 23. Nd4 a6 24. Rd1 Bc4 25. g4 g6 26. Kf2 Nd7 27. h4 Ne5 28. Bd2 Nc6 29. Rh1 Nxd4 30. cxd4 f5 31. g5 Bd3 32. Rac1 Rac8 33. Rc5 Bc4 34. Kg2 b6 35. Rxc8 Rxc8 36. Be1 Bd3 37. Bg3 Rc2 38. Bf2 f4 39. exf4 Rb2 40. Rc1 Bc4 41. Re1 Kf7 42. Re5 Re2 43. f5 a5 44. bxa5 bxa5 45. h5 a4 46. fxg6 hxg6 47. h6 a3 48. Rxe2 Bxe2 49. Be1 a2 50. Bc3 Bb5 51. Kg3 Be8 52. Kf4 Kf8 53. Ke5 Bf7 54. Kf6 Bg8 55. Kxg6 Bf7 56. Kf6  1-0

[Event "Cannes Open A"]
[Site "Cannes France"]
[EventDate "2007.02.18"]
[Date "2007.02.25"]
[Round "9"]
[White "BRUNED, Yvain"]
[WhiteTitle "FM"]
[WhiteElo "2335"]
[Black "SORCINELLI, Francesco"]
[BlackTitle "-"]
[BlackElo "2123"]
[Result "1-0"]
[Source "MonRoi"]

1. e4 c5 2. Nf3 d6 3. d4 cxd4 4. Nxd4 Nf6 5. Nc3 g6 6. Be3 Bg7 7. f3 Nc6 8. Qd2 O-O 9. Bc4 Bd7 10. O-O-O b5 11. Nxc6 Bxc6 12. Bxb5 Bxb5 13. Nxb5 Qb8 14. Qa5 Rc8 15. Bd4 Qb7 16. Rd3 Nxe4 17. fxe4 Qxe4 18. Nc3 Qxg2 19. Qd5 Qg4 20. Bxg7 Kxg7 21. Re1 Rab8 22. Rxe7 Qf4 23. Rd2 Qf1 24. Rd1 Qf4 25. Qd2  1-0

[Event "Cannes Open A"]
[Site "Cannes France"]
[EventDate "2007.02.18"]
[Date "2007.02.25"]
[Round "9"]
[White "MUFIC, Goran"]
[WhiteTitle "IM"]
[WhiteElo "2312"]
[Black "ARSENAULT, Nicolas"]
[BlackTitle "-"]
[BlackElo "2112"]
[Result "1-0"]
[Source "MonRoi"]

1. e4 e6 2. Nf3 d5 3. Nc3 Nf6 4. e5 Nfd7 5. d4 c5 6. dxc5 Nc6 7. Bf4 Bxc5 8. Bd3 f6 9. exf6 Nxf6 10. O-O O-O 11. Ne5 Qe8 12. Nb5 Qe7 13. c3 a6 14. Nd4 Bd7 15. Nexc6 bxc6 16. Qe2 Bd6 17. Bxd6 Qxd6 18. f4 c5 19. Nf3 Rab8 20. Rab1 c4 21. Bc2 Rb6 22. Nd4 Rfb8 23. Kh1 Be8 24. Rfe1 Qxf4 25. Nxe6 Qh4 26. g3 Qh6 27. Nd4 Bh5 28. Qg2 Bg4 29. Bf5 Qh5 30. Re5 Kh8 31. Rbe1 Bxf5 32. Rxf5 Qg6 33. Re2 Ne4 34. Qf3 Rf6 35. Rxf6 Nxf6 36. Qf5 Qxf5 37. Nxf5 g6 38. Nd4 Kg8 39. Nc6 Rb7 40. Kg2 Kg7 41. Kf2 h5 42. Ke3 Rc7 43. Ne5 Rb7 44. Kd4 Rb5 45. Nc6 Kf7 46. a4 Rb6 47. Kc5 Nd7 48. Kxd5 Nf6 49. Kd6 Rb3 50. Kc5  1-0

[Event "Cannes Open A"]
[Site "Cannes France"]
[EventDate "2007.02.18"]
[Date "2007.02.25"]
[Round "9"]
[White "RAVOT, Sylvain"]
[WhiteTitle "-"]
[WhiteElo "2218"]
[Black "DIMITROV, Christo"]
[BlackTitle "FM"]
[BlackElo "2299"]
[Result "0-1"]
[Source "MonRoi"]

1. e4 c5 2. Nf3 d6 3. d4 cxd4 4. Nxd4 Nf6 5. Nc3 a6 6. g3 e6 7. Bg2 Be7 8. O-O Qc7 9. h3 Bd7 10. Nde2 Nc6 11. a3 O-O 12. b3 Rac8 13. Bb2 Rfd8 14. Qd2 Be8 15. Nf4 Na7 16. Rac1 Nb5 17. Nxb5 Bxb5 18. c4 Bc6 19. Qe3 Qb8 20. Rfd1 b6 21. e5 dxe5 22. Bxe5 Qb7 23. Rxd8 Bxd8 24. Bxc6 Qxc6 25. b4 Nd7 26. Bb2 Bg5 27. Qc3 f6 28. Rd1 Ne5 29. c5 bxc5 30. bxc5 Bxf4 31. gxf4 Qa4 32. Rd6 Qxf4 33. Rxe6 Nf3 34. Kg2 Qh2 35. Kxf3 Qxh3 36. Ke2 Qxe6 37. Kf1 Qd5  0-1

[Event "Cannes Open A"]
[Site "Cannes France"]
[EventDate "2007.02.18"]
[Date "2007.02.25"]
[Round "9"]
[White "CORDARA, Michele"]
[WhiteTitle "FM"]
[WhiteElo "2169"]
[Black "WEILL, Roland"]
[BlackTitle "FM"]
[BlackElo "2261"]
[Result "1/2-1/2"]
[Source "MonRoi"]

1. c4 b6 2. Nc3 Bb7 3. Nf3 e6 4. a3 c5 5. e3 Nf6 6. d4 Be7 7. Be2 O-O 8. O-O d5 9. cxd5 exd5 10. dxc5 bxc5 11. b3 Nbd7 12. Qc2 Rc8 13. Bb2 d4 14. Na4 dxe3 15. fxe3 Nd5 16. e4 Nf4 17. Bc4 Ne6 18. Rad1 Qc7 19. Nc3  1/2-1/2

[Event "Cannes Open A"]
[Site "Cannes France"]
[EventDate "2007.02.18"]
[Date "2007.02.25"]
[Round "9"]
[White "DELABACA, Romuald"]
[WhiteTitle "-"]
[WhiteElo "2160"]
[Black "STRUK, Jerzy"]
[BlackTitle "-"]
[BlackElo "2260"]
[Result "1/2-1/2"]
[Source "MonRoi"]

1. e4 c5 2. Nf3 Nc6 3. d4 cxd4 4. Nxd4 e5 5. Nb5 d6 6. N1c3 a6 7. Na3 b5 8. Nd5 Nce7 9. c4 Nxd5 10. exd5 bxc4 11. Nxc4 Nf6 12. Be3 Rb8 13. Be2 Be7 14. O-O O-O 15. a4 Bb7 16. Nb6 Nd7 17. a5 f5 18. f3 Bh4 19. b4  1/2-1/2

[Event "Cannes Open A"]
[Site "Cannes France"]
[EventDate "2007.02.18"]
[Date "2007.02.25"]
[Round "9"]
[White "FLEAR, Christine"]
[WhiteTitle "WIM"]
[WhiteElo "2160"]
[Black "HELL, Pascal"]
[BlackTitle "-"]
[BlackElo "2227"]
[Result "1/2-1/2"]
[Source "MonRoi"]

1. d4 Nf6 2. Nf3 e6 3. g3 d5 4. Bg2 Be7 5. O-O O-O 6. b3 c5 7. Bb2 Nbd7 8. Nbd2 b6 9. c4 Bb7 10. Rc1 Rc8 11. Rc2 Rc7 12. Qa1 Qa8 13. dxc5 bxc5 14. Ne5 Nxe5 15. Bxe5 Rcc8 16. Qb1 d4 17. Bxb7 Qxb7 18. Bxf6 Bxf6 19. Rcc1 a5 20. Qd3 Rfe8  1/2-1/2

[Event "Cannes Open A"]
[Site "Cannes France"]
[EventDate "2007.02.18"]
[Date "2007.02.25"]
[Round "9"]
[White "MALEKI, Nicolas"]
[WhiteTitle "-"]
[WhiteElo "2116"]
[Black "VINSOT, Robin Gael"]
[BlackTitle "-"]
[BlackElo "2165"]
[Result "1-0"]
[Source "MonRoi"]

1. e4 e5 2. Nf3 Nc6 3. Bc4 Bc5 4. c3 Nf6 5. d3 d6 6. Nbd2 a6 7. Bb3 h6 8. Nc4 Be6 9. Ne3 Qd7 10. O-O Ba7 11. Bc2 O-O-O 12. Ba4 b5 13. Bc2 d5 14. a4 dxe4 15. axb5 exf3 16. Rxa6 fxg2 17. Re1 Nb8 18. Rxa7 Qxb5 19. Qf3 Nh7 20. Nc4 f6 21. d4 Qc6 22. Qxc6 Nxc6 23. Ra8 Kd7 24. Rxd8 Nxd8 25. Ne3 Ng5 26. Kxg2 exd4 27. cxd4 c6 28. h4 Ngf7 29. Ba4 Kc7 30. Bd2 h5 31. Rc1 Kb7 32. Bb4 g5 33. Be7 gxh4 34. Bxf6 Rg8 35. Kh2 h3 36. f4 Bg4 37. d5 cxd5 38. Nxd5 Ne6 39. Ne7 Rd8 40. Bc6 Kb8 41. Bd5 Rf8 42. Nc6 Kc7 43. Nd4 Kd6 44. Bxe6 Bxe6 45. Rc6 Kd5 46. Rxe6 Nd6 47. Be7 Rxf4 48. Rxd6 Kc4 49. b4  1-0

[Event "Cannes Open A"]
[Site "Cannes France"]
[EventDate "2007.02.18"]
[Date "2007.02.25"]
[Round "9"]
[White "BOZINOVIC, Boban"]
[WhiteTitle "-"]
[WhiteElo "2137"]
[Black "ZERMICHE, Cherif"]
[BlackTitle "-"]
[BlackElo "2105"]
[Result "0-1"]
[Source "MonRoi"]

1. e4 c5 2. Nf3 a6 3. Nc3 b5 4. d4 cxd4 5. Nxd4 Bb7 6. a3 Nc6 7. Nxc6 dxc6 8. Be3 e5 9. Qh5 Qc7 10. Rd1 g6 11. Bb6 Qe7 12. Qf3 Nf6 13. b4 Qe6 14. Be2 Be7 15. O-O O-O 16. Rd3 Nd7 17. Ba5 c5 18. Rfd1 Nf6 19. bxc5 Bxc5 20. Bb4 Bxb4 21. axb4 Qe7 22. Rd6 Kg7 23. Qd3 Rac8 24. f3 Qc7 25. Nxb5 axb5 26. Qxb5 Rfe8 27. c4 Bc6 28. Qa6 Qb7 29. c5 Re7 30. Rb1 Ne8 31. Rdd1 Rb8 32. Qa1 Bb5 33. Bxb5 Qxb5 34. Rd5 f6 35. Qc3 Nc7 36. Rd6 Ne6 37. Kh1 Nxc5 38. Rd5 Na4 39. Qc2 Qe8 40. b5 Nb6 41. Rd6 Rbb7 42. Rc6 Qd8 43. h3 Red7 44. Qc5 Rd4 45. Qa3 Qd7 46. Kh2 Qf7 47. Rbc1 Nc4 48. Qa6 Ra7 49. Qc8 Nd6 50. Qb8 Rb7 51. Qa8 Nxb5 52. Qa6 Rdd7 53. Rb1 Nd6 54. Rd1 Ne8 55. Re1 Rb2 56. Rcc1 Rdd2 57. Rg1 Ra2 58. Qb5 Qd7 59. Qb4 Nc7 60. Qb7 Ne6 61. Qb3 Nf4  0-1

[Event "Cannes Open A"]
[Site "Cannes France"]
[EventDate "2007.02.18"]
[Date "2007.02.25"]
[Round "9"]
[White "WUNDERMAN, Xavier"]
[WhiteTitle "-"]
[WhiteElo "2113"]
[Black "GORSE, Gerard"]
[BlackTitle "-"]
[BlackElo "2054"]
[Result "1-0"]
[Source "MonRoi"]

1. e4 c5 2. Nc3 Nc6 3. Bc4 g6 4. f4 Bg7 5. Nf3 e6 6. f5 Nge7 7. fxe6 dxe6 8. O-O O-O 9. a4 b6 10. d3 Nd4 11. Nxd4 cxd4 12. Nb1 Nc6 13. Nd2 Na5 14. Ba2 Bd7 15. b4 Nb7 16. Bb3 Rc8 17. Nf3 a5 18. b5 Nc5 19. Bc4 Nxe4 20. Qe1 Nc5 21. Bg5 Qc7 22. Qh4 e5 23. Be7 Rfe8 24. Ng5 Rxe7 25. Bxf7  1-0

[Event "Cannes Open A"]
[Site "Cannes France"]
[EventDate "2007.02.18"]
[Date "2007.02.25"]
[Round "9"]
[White "BRONGERS, Henk"]
[WhiteTitle "-"]
[WhiteElo "1969"]
[Black "HERVAIS, Adrien"]
[BlackTitle "-"]
[BlackElo "2071"]
[Result "1/2-1/2"]
[Source "MonRoi"]

1. e4 e5 2. Bc4 Nf6 3. d4 Nc6 4. Nf3 exd4 5. e5 Ne4 6. Bd5 Nc5 7. Nxd4 Nxd4 8. Qxd4 c6 9. Bc4 d5 10. Be2 Ne6 11. Qd3 Bc5 12. Nd2 Nd4 13. Bd1 Qe7 14. Qg3 f6 15. O-O fxe5 16. c4 O-O 17. cxd5 cxd5 18. Nb3 Nf5 19. Qd3 Be6 20. Qc3 Bd6 21. g3 Rac8 22. Qe1 Bd7 23. Qa5 Bc6 24. a3 b6 25. Qd2 d4 26. Qg5 Qf7 27. Nd2 Bd5 28. Bf3 h6 29. Bxd5 Qxd5 30. Qg4 Be7 31. b3 Nd6 32. Nc4 Nxc4 33. bxc4 Qd6 34. Bd2 Rxc4 35. Bb4 Qf6 36. Qe4 Bxb4 37. axb4 Rxb4 38. Rxa7 Rb2 39. f4 Qe6 40. f5 Qd6 41. f6 Rxf6 42. Ra8 Kf7 43. Qb7 Qe7 44. Qd5 Kg6 45. Qe4 Kf7 46. Qd5 Kg6 47. Qe4 Kf7 48. Qd5  1/2-1/2

[Event "Cannes Open A"]
[Site "Cannes France"]
[EventDate "2007.02.18"]
[Date "2007.02.25"]
[Round "9"]
[White "PEPINO, Enrico"]
[WhiteTitle "-"]
[WhiteElo "2189"]
[Black "L'HERMITTE, Emmanuel"]
[BlackTitle "-"]
[BlackElo "2032"]
[Result "0-1"]
[Source "MonRoi"]

1. e4 c5 2. Nf3 d6 3. d4 cxd4 4. Nxd4 Nf6 5. Nc3 a6 6. Be3 e5 7. Nb3 Be6 8. Qd2 Nbd7 9. f4 Rc8 10. f5 Bc4 11. Bxc4 Rxc4 12. Qd3 Rc8 13. Rg1 b5 14. a3 Ng4 15. O-O-O Nxe3 16. Qxe3 Be7 17. Kb1 Nb6 18. Nd5 Nxd5 19. Rxd5 Qc7 20. c3 O-O 21. g4 h6 22. Qf2 a5 23. Rxb5 Qc4 24. Rb7 Qxe4  0-1

[Event "Cannes Open A"]
[Site "Cannes France"]
[EventDate "2007.02.18"]
[Date "2007.02.25"]
[Round "9"]
[White "LIBENS, Michel"]
[WhiteTitle "-"]
[WhiteElo "2104"]
[Black "SCHMITZ, Manuela"]
[BlackTitle "WFM"]
[BlackElo "2072"]
[Result "1-0"]
[Source "MonRoi"]

1. e4 e6 2. d4 d5 3. Nc3 Bb4 4. Nge2 dxe4 5. a3 Bxc3 6. Nxc3 Nc6 7. Bb5 Nge7 8. Nxe4 Qd5 9. Qd3 f5 10. Ng3 Bd7 11. O-O a6 12. Ba4 b5 13. Bb3 Qxd4 14. Qe2 Qf6 15. Rd1 O-O-O 16. Nh5 Qe5 17. Qxe5 Nxe5 18. Nxg7 Nc4 19. Bxc4 bxc4 20. Bg5 Nc6 21. Bxd8 Rxd8 22. f4 Rg8 23. Nh5 Rg6 24. b3 Na5 25. b4 Nb7 26. Rd2 Nd6 27. Ng3 Bc6 28. Re1 Ne4 29. Nxe4 Bxe4 30. Rxe4 fxe4 31. Re2 Rf6 32. Rxe4 c3 33. g3 Kd7 34. Rd4  1-0

[Event "Cannes Open A"]
[Site "Cannes France"]
[EventDate "2007.02.18"]
[Date "2007.02.25"]
[Round "9"]
[White "GODART, Francois"]
[WhiteTitle "-"]
[WhiteElo "1996"]
[Black "FORTINO, Fabrizio"]
[BlackTitle "-"]
[BlackElo "2076"]
[Result "0-1"]
[Source "MonRoi"]

1. d4 Nf6 2. Bg5 e6 3. Nd2 Be7 4. e3 d5 5. f4 c5 6. c3 Nc6 7. Bd3 Nd7 8. Bxe7 Qxe7 9. Ngf3 b6 10. O-O Bb7 11. Ne5 Ndxe5 12. fxe5 O-O-O 13. a3 f6 14. exf6 gxf6 15. b4 c4 16. Be2 e5 17. Bg4 Kb8 18. Qf3 Rhg8 19. Bh3 Rg6 20. a4 Qg7 21. a5 b5 22. a6 Ba8 23. Nb1 Ne7 24. Ra5 Bc6 25. Na3 Qh6 26. Nxb5 Rdg8 27. Kh1 f5 28. Na3 f4 29. b5 Bd7 30. Bxd7 Rg3 31. Qf2 fxe3 32. Qe2 Rxg2 33. Qxg2 Rxg2 34. Kxg2 Qg5 35. Kh1 e2 36. Re1 Qe3 37. Nxc4 Qf3 38. Kg1 dxc4 39. Bc6 Qe3 40. Kh1 Nxc6 41. bxc6 Qf2 42. Raa1 Kc7 43. d5 h5 44. h3 h4 45. Rab1 Kd6 46. Ra1 Qf3 47. Kg1 Qg3 48. Kh1 Qxh3 49. Kg1 Qg3 50. Kh1 Qf3 51. Kh2 Qxc3 52. Rab1 Qg3 53. Kh1 c3 54. c7 Kxc7  0-1

[Event "Cannes Open A"]
[Site "Cannes France"]
[EventDate "2007.02.18"]
[Date "2007.02.25"]
[Round "9"]
[White "CAROFF, Frederic"]
[WhiteTitle "-"]
[WhiteElo "2073"]
[Black "HAUSEUX, Philippe"]
[BlackTitle "-"]
[BlackElo "2061"]
[Result "1/2-1/2"]
[Source "MonRoi"]

1. e4 d5 2. exd5 Qxd5 3. Nc3 Qd8 4. Bc4 Nf6 5. Nf3 Bf5 6. d3 e6 7. h3 Be7 8. Nh4 Bg6 9. Nxg6 hxg6 10. Bd2 c6 11. Qe2 Nbd7 12. Ne4 Nxe4 13. dxe4 O-O 14. Rd1 b5 15. Bb3 Nc5 16. Bb4 Qc7 17. Bxc5 Bxc5 18. O-O Rad8 19. c3 Qf4 20. Qf3 Qe5 21. Rxd8 Rxd8 22. Rd1 Rxd1 23. Bxd1 Qg5 24. g3 Qd2 25. Qe2 Qg5 26. Kg2 Qc1 27. Qc2 Qg5 28. Qe2 a5 29. a3 Qc1 30. Qc2 Qg5 31. Qe2 Bb6 32. a4 Qc5 33. axb5 cxb5 34. Bc2 b4 35. cxb4 axb4 36. b3 Qc3 37. Kf1 Kh7 38. Kg2 e5 39. h4 Kg8 40. Kf1 Bd4 41. Kg2 Qb2 42. Bd1 Qc3  1/2-1/2

[Event "Cannes Open A"]
[Site "Cannes France"]
[EventDate "2007.02.18"]
[Date "2007.02.25"]
[Round "9"]
[White "BES, Stephane"]
[WhiteTitle "-"]
[WhiteElo "2151"]
[Black "PARODI, Alessandro"]
[BlackTitle "-"]
[BlackElo "1893"]
[Result "1/2-1/2"]
[Source "MonRoi"]

1. e4 d6 2. d4 Nf6 3. Nc3 g6 4. Be3 Bg7 5. f3 O-O 6. Qd2 c6 7. O-O-O b5 8. h4 h5 9. Bh6 Qa5 10. Kb1 Re8 11. Bxg7 Kxg7 12. e5 Nfd7 13. f4 Nb6 14. Nf3 Be6 15. Ng5 Bc4 16. g4 b4 17. Bxc4 Nxc4 18. Qd3 Na3  1/2-1/2